Последняя революция (Запис номер 401804)
[ съкратено ]
| 000 -Лидер | |
|---|---|
| Контролно поле с фиксирана дължина | nam a22 7a 4500 |
| 003 - Код на организацията, давaща контролен номер | |
| Контролно поле | BLK |
| 005 - Дата и час на последна редакция | |
| Контролно поле | 20210623105418.0 |
| 008 - Елементи от данни с фиксирана дължина | |
| fixed length control field | 210323b bu |||||||||||||| ||bu || |
| 040 ## - Източник на каталожния запис | |
| Идентификатор на билиотеката - собственик на записа | BLK |
| 041 ## - Код за език | |
| Код за езика на текст/звукозапис или на отделно заглавие | Руски |
| Код за езика КДБФ | Руски |
| 080 ## - УДК | |
| Текстов определител УДК | Политически подсистеми и институции. Социология на политиката |
| УДК код - определител по УДК | 316.334.3 |
| УДК определител | (44) |
| УДК - код + определител | 316.334.3(44) |
| 100 ## - Редна дума - Автор | |
| R(LIN) | 1299 |
| Автор | Гамбон, Шарл Фердинанд |
| Авторска отговорност | първи автор |
| 139 ## - Редно поле | |
| Редна дума | Гамбон, Шарл Фердинанд |
| 245 ## - Сведения за заглавието | |
| Заглавие | Последняя революция |
| Подзаглавни данни | Ответ Версальскому верховному собранию |
| Редно поле (дума) | Сост. К. Ф. Гамбон |
| 257 ## - Страна на издаване | |
| Страна на създаване/издаване | Русия |
| 260 ## - Област на издателските данни | |
| 9 (RLIN) | 393107 |
| Място на издаване, разпространение и проч. | Москва |
| Име на издателя, разпространителя и проч. | б.и. |
| Година на издаване | 1874 |
| 300 ## - Физическа характеристика | |
| Страници | 31 с. |
| Размери/Мащаб | 18 см |
| 380 ## - Жанр | |
| Жанр | Обществени науки |
| 490 ## - СЕРИИ (Колекции) | |
| 9 (RLIN) | 435080 |
| Име на серия | Колекция Редки и ценни издания |
| 650 #7 - Допълнително описание по предмет – тема | |
| 9 (RLIN) | 169075 |
| Основно описание – тема или топоним | Революции |
| 653 #7 - Ключова дума – ненормативна | |
| 9 (RLIN) | 195537 |
| Ключова дума | речи |
| 852 ## - Местоположение | |
| Форматна сигнатура | Рр 874 |
| Фондова буква | Редки и ценни |
| 999 ## - СИСТЕМНИ КОНТРОЛНИ НОМЕРА | |
| Koha biblionumber | 401804 |
| Koha biblioitemnumber | 401804 |
| 942 ## - АРТИКУЛИ | |
| Вид на библиотечния материал | Книги |
| Скрит в OPAC | Не |
| Периодичен библиозапис | Да |
| 944 ## - СЪЗДАВАНЕ И РЕДАКЦИЯ на ЗАПИСА | |
| Създаване/Редакция | Създаване |
| Дата на регистрацията/редакция | 2021-03-23 |
| Служител, извършил регистрацията/редакцията | К.Д. |
| 999 ## - СИСТЕМНИ КОНТРОЛНИ НОМЕРА | |
| Koha biblioitemnumber | 401804 |
| Код за отписване | Код за изгубен артикул | Източник на класификационната схема | Код за повреда | Коз за рестрикции | Код за отдаване | Артикулен № | Име на библиотеката - собственик | Име на библиотеката, в която се намира в момента | Статус (Текущо местоположение) | Дата на вписване в системата | Местоположение - отдел | Цена в лева | Инвентарен номер | Систематично азбучна сигнатура | Баркод | Цена в евро | Служебен тип на артикула |
|---|---|---|---|---|---|---|---|---|---|---|---|---|---|---|---|---|---|
| Не е изгубен | Universal Decimal Classification | Не е повреден | само за читалня | Специални фондове ( старопечатни, редки и ценни, фонд М. Арнаудов) | 854192 | Регионална библиотека "Любен Каравелов" Русе | Регионална библиотека "Любен Каравелов" Русе | Редки и ценни | 2021-09-23 | Редки и ценни | 0.02 | 14250 | Рр 874 | 900000041892 | 0.01 | Книги |